Lovec a príroda magazín pre poľovníkov a priateľov prírody ...

Bibliographic Details
Other Authors: Húževka, Milan, 1940-2017 (Compiler)
Format: Serial
Language:Slovak
Czech
PhysicalDescription:21 zv. fotogr. 24 cm
Published: Dohňany-Zbora Ametyst 1995-2015
Púchov
ISBN:808903103X (brož. : r. 2002)
8089031080 (brož. : r. 2003)
8089031137 (brož. : r. 2004)
8089031218 (brož. : r. 2005)
8089031250 (brož. : r. 2006)
8089031285 (brož. : r. 2007)
9788089031337 (brož. : r. 2008)
9788089031443 (brož. : r. 2009)
9788089031504 (brož. : r. 2010)
9788089031511 (brož. : r. 2011)
9788089031566 (brož. : r. 2012)
9788089031603 (brož. : r. 2013)
9788089031689 (brož. : r. 2015)
9788089031641 (brož. : r. 2014)
9788089031603
9788089031719 (brož. : r. 2016)
8096743139 (brož. : r. 1996)
8096749331 (brož. : r. 1997)
8096749366 (brož. : r. 1998)
8096794108 (brož. : r. 1999)
8096794159 (brož. : r. 2000)
8096826476 (brož. : r. 2001)
Subjects:

MARC

LEADER 00000cas a2200000 a 4500
001 vtls001472031
003 SK-MaSNL
005 20260228160904.0
008 040326d19952015xo ar 0 0b0slo
015 |a SNBB2005/02-00591 (r. 2002)  |a SNBB2005/02-00592 (r. 2003)  |a SNBB2005/02-00593 (r. 2004)  |a SNBB2006/01-00269 (r. 2005)  |a SNBB2006/01-00270 (r. 2006)  |a SNBB2007/03-01054 (r. 2007)  |a SNBB2009/04-01569 (r. 2008)  |a SNBB2009/04-01570 (r. 2009)  |a SNBB2010/02-01392 (r. 2010)  |a SNBB2011/04-02941 (r. 2011)  |a SNBB2012/03-00615 (r. 2012)  |a SNBB2012/04-01408 (r. 2013)  |a SNBB2015-(r. 2014, 2015)  |a SNBB2016-(r. 2016) 
015 |a SNBE1996/01-00343-(r. 1996) 
015 |a SNBA1997/0200405 (r. 1997)  |a SNBA1998/03-00866 (r. 1998)  |a SNBA1999/06-02094 (r. 1999)  |a SNBA2000/09-03276 (r. 2000)  |a SNBA2004/04-02787 (r. 2001) 
020 |a 808903103X (brož. : r. 2002) 
020 |a 8089031080 (brož. : r. 2003) 
020 |a 8089031137 (brož. : r. 2004) 
020 |a 8089031218 (brož. : r. 2005) 
020 |a 8089031250 (brož. : r. 2006) 
020 |a 8089031285 (brož. : r. 2007) 
020 |a 9788089031337 (brož. : r. 2008)  |z 8089031285 
020 |a 9788089031443 (brož. : r. 2009) 
020 |a 9788089031504 (brož. : r. 2010) 
020 |a 9788089031511 (brož. : r. 2011) 
020 |a 9788089031566 (brož. : r. 2012) 
020 |a 9788089031603 (brož. : r. 2013) 
020 |a 9788089031689 (brož. : r. 2015) 
020 |a 9788089031641 (brož. : r. 2014)  |a 9788089031603 
020 |a 9788089031719 (brož. : r. 2016) 
020 |a 8096743139 (brož. : r. 1996) 
020 |a 8096749331 (brož. : r. 1997) 
020 |a 8096749366 (brož. : r. 1998) 
020 |a 8096794108 (brož. : r. 1999) 
020 |a 8096794159 (brož. : r. 2000) 
020 |a 8096826476 (brož. : r. 2001) 
035 |a SNK000427333 
040 |a SNK  |b slo  |c SNK  |e AACR2 
041 0 |a slo  |a cze 
044 |a xo  |c SK 
072 7 |a 639.1  |x Poľovníctvo  |2 konspekt 
080 |a (059)  |2 2011 
080 |a 639.1  |2 2011 
245 0 0 |a Lovec a príroda  |b magazín pre poľovníkov a priateľov prírody ...  |c [zostavil:] Milan Húževka 
246 1 3 |a Lovec a príroda - Magazín ... 
260 3 |3 1997-2015  |a Dohňany-Zbora  |b Ametyst 
260 |a Púchov  |b Ametyst  |c 1995-2015 
300 |a 21 zv.  |b fotogr.  |c 24 cm 
310 |a 1x ročne 
362 0 |a 1996-2016 
500 |a Súčasťou názvových údajov je označenie kalendárneho roku 
500 |a Čiastočný text aj český 
650 0 7 |a poľovníctvo  |2 SNKPH  |9 2774 
650 0 7 |a Hunting  |2 SNKPHeng  |9 265411 
655 7 |a textové kalendáre  |2 SNKPH  |9 60816 
655 7 |a magazíny  |2 SNKPH  |9 266289 
655 7 |a Text calendars  |2 SNKPHeng  |9 265087 
655 7 |a Magazines  |2 SNKPHeng  |9 266290 
700 1 |a Húževka, Milan,  |d 1940-2017  |4 com  |9 92958 
852 |a Štátna vedecká knižnica v Banskej Bystrici 
910 |a snk 
910 |a pppk 
910 |a mizkgz 
916 |a 1996-2016 
919 |a 80-89031-03-X 
919 |a 80-89031-08-0 
919 |a 80-89031-13-7 
919 |a 80-89031-21-8 
919 |a 80-89031-25-0 
919 |a 80-89031-28-5 
919 |a 978-80-89031-33-7 
919 |a 978-80-89031-44-3 
919 |a 978-80-89031-50-4 
919 |a 978-80-89031-51-1 
919 |a 978-80-89031-56-6 
919 |a 978-80-89031-60-3 
919 |a 978-80-89031-64-1 
919 |a 978-80-89031-68-9 
919 |a 978-80-89031-71-9 
919 |a 80-967431-3-9 
919 |a 80-967493-3-1 
919 |a 80-967493-6-6 
919 |a 80-967941-0-8 
919 |a 80-967941-5-9 
919 |a 80-968264-7-6 
999 |c 3849  |d 5779 
952 |0 0  |1 0  |4 0  |7 0  |8 0  |a SNK  |b SNK  |d 2005-11-09  |f 1  |i snk2005/18946  |l 0  |o snkČSC 3222/2006  |p 17A0477614  |r 2026-02-21 19:30:24  |w 2026-02-21  |y PREZ 
952 |0 0  |1 0  |4 0  |7 0  |8 0  |a SNK  |b SNK  |d 2005-11-09  |i snk2005/18947  |l 0  |o snkČSC 3222/2006 D1  |p 17A0477615  |r 2026-02-21 19:30:24  |w 2026-02-21  |y PREZ 
952 |0 0  |1 0  |4 0  |7 0  |8 0  |a SNK  |b SNK  |d 2010-05-28  |f 1  |i snk2010/11500  |l 0  |o snkČSC 3222/2010  |p 17A0635986  |r 2026-02-21 19:32:33  |w 2026-02-21  |y PREZ 
952 |0 0  |1 0  |4 0  |7 0  |8 0  |a SNK  |b SNK  |d 2010-05-28  |i snk2010/11501  |l 0  |o snkČSC 3222/2010 D1  |p 17A0635987  |r 2026-02-21 19:32:33  |w 2026-02-21  |y PREZ 
952 |0 0  |1 0  |4 0  |7 0  |a SNK  |b SNK  |d 2004-03-29  |f 1  |i snkPV 243/2004  |l 0  |o snkČSC 3222/2002  |p 17A0416102  |r 2005-01-02 00:00:00  |w 2026-02-21  |y PREZ 
952 |0 0  |1 0  |4 0  |7 0  |a SNK  |b SNK  |d 2004-03-29  |f 1  |i snkPV 245/2004  |l 0  |o snkČSC 3222/2003  |p 17A0416104  |r 2005-01-02 00:00:00  |w 2026-02-21  |y PREZ 
952 |0 0  |1 0  |4 0  |7 0  |a SNK  |b SNK  |d 2004-03-29  |i snkPV 246/2004  |l 0  |o snkČSC 3222/2003 D1  |p 17A0416105  |r 2005-01-02 00:00:00  |w 2026-02-21  |y PREZ 
952 |0 0  |1 0  |4 0  |7 0  |a SNK  |b SNK  |d 2004-04-15  |f 1  |i snkPV 407/2004  |l 0  |o snkČSC 3222/2004  |p 17A0416224  |r 2005-01-02 00:00:00  |w 2026-02-21  |y PREZ 
952 |0 0  |1 0  |4 0  |7 0  |a SNK  |b SNK  |d 2004-04-15  |i snkPV 408/2004  |l 0  |o snkČSC 3222/2004 D1  |p 17A0416225  |r 2005-01-02 00:00:00  |w 2026-02-21  |y PREZ 
952 |0 0  |1 0  |4 0  |7 1  |a SNK  |b SNK  |d 2004-10-14  |f 1  |i snkPV 1391/2004  |l 0  |o snkČSC 3222/2005  |p 17A0431743  |r 2005-01-02 00:00:00  |w 2026-02-21  |y NEVYP 
952 |0 0  |1 0  |4 0  |7 0  |a SNK  |b SNK  |d 2004-10-14  |f 1  |i snkPV 1392/2004  |l 0  |o snkČSC 3222/2005 D1  |p 17A0431744  |r 2005-01-02 00:00:00  |w 2026-02-21  |y PREZ 
952 |0 0  |1 0  |4 0  |7 0  |8 0  |a SNK  |b SNK  |d 2015-08-25  |f 1  |i snk2015/25221  |l 0  |o snkČSC 3222/2015  |p 17A1145284  |r 2026-02-21 19:46:38  |w 2026-02-21  |y PREZ 
952 |0 0  |1 0  |4 0  |7 0  |8 0  |a SNK  |b SNK  |d 2015-08-25  |i snk2015/25222  |l 0  |o snkČSC 3222/2015 D1  |p 17A1145283  |r 2026-02-21 19:46:38  |w 2026-02-21  |y PREZ 
952 |0 0  |1 0  |4 0  |7 0  |8 0  |a SNK  |b SNK  |d 2015-01-23  |f 1  |i snk2015/2046  |l 0  |o snkČSC 3222/2014  |p 17A0871237  |r 2026-02-21 20:13:40  |w 2026-02-21  |y PREZ 
952 |0 0  |1 0  |4 0  |7 0  |8 0  |a SNK  |b SNK  |d 2015-01-23  |i snk2015/2047  |l 0  |o snkČSC 3222/2014 D1  |p 17A0871238  |r 2026-02-21 20:13:41  |w 2026-02-21  |y PREZ 
952 |0 0  |1 0  |4 0  |7 0  |a SNK  |b SNK  |d 2004-03-29  |i snkPV 244/2004  |l 0  |o snkČSC 3222/2002 D1  |p 17A0416103  |r 2005-01-02 00:00:00  |w 2026-02-21  |y PREZ 
952 |0 0  |1 0  |4 0  |7 0  |8 0  |a SNK  |b SNK  |d 2011-09-19  |f 1  |i snk2011/19285  |l 0  |o snkČSC 3222/2011  |p 17A0672762  |r 2026-02-21 20:17:11  |w 2026-02-21  |y PREZ 
952 |0 0  |1 0  |4 0  |7 0  |8 0  |a SNK  |b SNK  |d 2011-09-19  |i snk2011/19287  |l 0  |o snkČSC 3222/2011 D1  |p 17A0672763  |r 2026-02-21 20:17:11  |w 2026-02-21  |y PREZ 
952 |0 0  |1 0  |4 0  |7 0  |8 0  |a SNK  |b SNK  |d 2006-09-06  |f 1  |i snk2006/17449  |l 0  |o snkČSC 3222/2007  |p 17A0502658  |r 2026-02-21 20:18:16  |w 2026-02-21  |y PREZ 
952 |0 0  |1 0  |4 0  |7 0  |8 0  |a SNK  |b SNK  |d 2006-09-06  |i snk2006/17450  |l 0  |o snkČSC 3222/2007 D1  |p 17A0502659  |r 2026-02-21 20:18:16  |w 2026-02-21  |y PREZ 
952 |0 0  |1 0  |4 0  |7 0  |8 0  |a SNK  |b SNK  |d 2007-11-12  |i snk2007/24493  |l 0  |o snkČSC 3222/2008 D1  |p 17A0563215  |r 2026-02-21 20:21:28  |w 2026-02-21  |y PREZ 
952 |0 0  |1 0  |4 0  |7 0  |8 0  |a SNK  |b SNK  |d 2007-11-12  |f 1  |i snk2007/24492  |l 0  |o snkČSC 3222/2008  |p 17A0563216  |r 2026-02-21 20:21:28  |w 2026-02-21  |y PREZ 
952 |0 0  |1 0  |4 0  |7 0  |a SNK  |b SNK  |d 1998-01-20  |f 1  |i snkKSP 429/98  |l 0  |o snkČSC 3222/1998  |p 17A0121128  |r 2005-01-02 00:00:00  |w 2026-02-21  |y PREZ 
952 |0 0  |1 0  |4 0  |7 0  |a SNK  |b SNK  |d 1998-01-20  |i snkKSP 430/98  |l 0  |o snkČSC 3222/1998 D1  |p 17A0116780  |r 2005-01-02 00:00:00  |w 2026-02-21  |y PREZ 
952 |0 0  |1 0  |4 0  |7 0  |a SNK  |b SNK  |d 2000-07-04  |f 1  |i snkKSP 6693/2000  |l 0  |o snkČSC 3222/2000  |p 17A0244824  |r 2005-01-02 00:00:00  |w 2026-02-21  |y PREZ 
952 |0 0  |1 0  |4 0  |7 0  |a SNK  |b SNK  |d 2000-07-04  |i snkKSP 6694/2000  |l 0  |o snkČSC 3222/2000 D1  |p 17A0244825  |r 2005-01-02 00:00:00  |w 2026-02-21  |y PREZ 
952 |0 0  |1 0  |4 0  |7 0  |8 0  |a SNK  |b SNK  |d 2012-06-11  |f 1  |i snk2012/11372  |l 0  |o snkČSC 3222/2012  |p 17A1030397  |r 2026-02-21 21:01:56  |w 2026-02-21  |y PREZ 
952 |0 0  |1 0  |4 0  |7 0  |8 0  |a SNK  |b SNK  |d 2012-06-11  |i snk2012/11373  |l 0  |o snkČSC 3222/2012 D1  |p 17A1030398  |r 2026-02-21 21:01:56  |w 2026-02-21  |y PREZ 
952 |0 0  |1 0  |4 0  |7 0  |8 0  |a SNK  |b SNK  |d 2012-11-28  |f 1  |i snk2012/24573  |l 0  |o snkČSC 3222/2013  |p 17A0866529  |r 2026-02-21 21:13:18  |w 2026-02-21  |y PREZ 
952 |0 0  |1 0  |4 0  |7 0  |8 0  |a SNK  |b SNK  |d 2012-11-28  |i snk2012/24574  |l 0  |o snkČSC 3222/2013 D1  |p 17A0866530  |r 2026-02-21 21:13:18  |w 2026-02-21  |y PREZ 
952 |0 0  |1 0  |4 0  |7 0  |a SNK  |b SNK  |d 1996-11-20  |i snk4119/961122  |l 0  |o snkC 3139  |r 2005-01-01 00:00:00  |t r. 1997  |w 2026-02-21  |y NEVYP 
952 |0 0  |1 0  |4 0  |7 0  |a SNK  |b SNK  |d 1996-11-20  |f 1  |i snkKSP 10085/96  |l 0  |o snkČSC 3222/1997  |p 17A0038936  |r 2005-01-01 00:00:00  |w 2026-02-21  |y PREZ 
952 |0 0  |1 0  |4 0  |7 0  |a SNK  |b SNK  |d 1996-11-20  |i snkKSP 10086/96  |l 0  |o snkČSC 3222/1997 D1  |p 17A0022339  |r 2005-01-01 00:00:00  |w 2026-02-21  |y PREZ 
952 |0 0  |1 0  |4 0  |7 0  |a SNK  |b SNK  |d 2002-08-20  |f 1  |i snkKSP 10216/2002  |l 0  |o snkČSC 3222/2001  |p 17A0353864  |r 2005-01-02 00:00:00  |w 2026-02-21  |y PREZ 
952 |0 0  |1 0  |4 0  |7 0  |a SNK  |b SNK  |d 2002-08-20  |i snkKSP 10217/2002  |l 0  |o snkČSC 3222/2001 D1  |p 17A0353865  |r 2005-01-02 00:00:00  |w 2026-02-21  |y PREZ 
952 |0 0  |1 0  |4 0  |7 0  |a SNK  |b SNK  |d 1999-03-11  |f 1  |i snkKSP 2654/99  |l 0  |o snkČSC 3222/1999  |p 17A0193951  |r 2005-01-02 00:00:00  |w 2026-02-21  |y PREZ 
952 |0 0  |1 0  |4 0  |7 0  |a SNK  |b SNK  |d 1999-03-11  |i snkKSP 2655/99  |l 0  |o snkČSC 3222/1999 D1  |p 17A0183827  |r 2005-01-02 00:00:00  |w 2026-02-21  |y PREZ 
952 |0 0  |1 0  |4 0  |7 0  |8 0  |a SNK  |b SNK  |d 2009-02-16  |f 1  |i snk2009/2750  |l 0  |o snkČSC 3222/2009  |p 17A0488803  |r 2026-02-21 21:40:46  |w 2026-02-21  |y PREZ 
952 |0 0  |1 0  |4 0  |7 0  |8 0  |a SNK  |b SNK  |d 2009-02-16  |i snk2009/2751  |l 0  |o snkČSC 3222/2009 D1  |p 17A0488804  |r 2026-02-21 21:40:46  |w 2026-02-21  |y PREZ 
952 |0 0  |1 0  |4 0  |7 0  |a SNK  |b SNK  |d 2020-03-18  |f 1  |i snkKSP 1425/96  |l 0  |o snkČSC 3222/1996  |p 17A1386377  |r 2026-02-21 21:52:56  |w 2026-02-21  |y PREZ 
952 |0 0  |1 0  |4 0  |7 0  |8 0  |a SNK  |b SNK  |d 2016-04-01  |f 1  |i snk2016/8530  |l 0  |o snkČSC 3222/2016  |p 17A1098733  |r 2026-02-21 22:09:19  |w 2026-02-21  |y PREZ 
952 |0 0  |1 0  |4 0  |7 0  |8 0  |a SNK  |b SNK  |d 2016-04-01  |i snk2016/8532  |l 0  |o snkČSC 3222/2016 D1  |p 17A1098734  |r 2026-02-21 22:09:19  |w 2026-02-21  |y PREZ